Countries Closest to Finland - 15 Second Sprint - Statistics

General Stats
  • This quiz has been taken 57 times
  • The average score is 8 of 20
Answer Stats
km country miles % Correct
0 Sweden 0
100%
0 Norway 0
93%
0 Russia 0
93%
47 Estonia 29
85%
213 Latvia 133
78%
718 Germany 446
61%
575 Denmark 358
54%
378 Lithuania 235
52%
603 Poland 374
48%
470 Belarus 292
33%
1106 United Kingdom 687
22%
1315 Belgium 817
15%
879 Ukraine 546
9%
1044 Czechia 649
7%
1071 Netherlands 665
7%
1262 Austria 784
2%
1306 Romania 812
2%
1153 Slovakia 717
2%
1256 Hungary 781
0%
1291 Moldova 802
0%
No matching quizzes found
Score Distribution
Percent of People with Each Score
Percentile by Number Answered
Your Score History
You have not taken this quiz